00355nam a2200145Ia 4500008004100000020001500041082001700056100001400073245002500087250000600112260003800118300001500156500002400171650001400195230524s9999 xx 000 0 und d a8174092161 a629.222bGIR aN.K. Giri 0aAutomobile Mechanics a8 aNew DelhibKhanna Publisherc2012 a"1;1015p," aQuantity Number: 2 aMechanics